|
|
|
|
| LEADER |
00000nam0a2200000 4500 |
| 001 |
58807 |
| 005 |
20231031055348.0 |
| 010 |
|
|
|a 5935563118
|
| 035 |
|
|
|a (RuTPU)RU\TPU\book\62125
|
| 090 |
|
|
|a 58807
|
| 100 |
|
|
|a 20031208d2003 m y0rusy50 ca
|
| 101 |
0 |
|
|a rus
|
| 102 |
|
|
|a RU
|
| 105 |
|
|
|a y z 000ay
|
| 200 |
1 |
|
|a Магистр
|e Роман
|f Н. В. Степанов
|
| 210 |
|
|
|a Москва
|c Армада
|c Альфа-книга
|d 2003
|
| 215 |
|
|
|a 407 с.
|
| 225 |
1 |
|
|a Фантастический боевик
|
| 610 |
1 |
|
|a русская литература
|
| 610 |
1 |
|
|a романы
|
| 610 |
1 |
|
|a фантастика
|
| 610 |
1 |
|
|a боевики
|
| 675 |
|
|
|a Р2
|v 3
|
| 700 |
|
1 |
|a Степанов
|b Н. В.
|g Николай Викторович
|
| 801 |
|
1 |
|a RU
|b 63413507
|c 20031208
|g PSBO
|
| 801 |
|
2 |
|a RU
|b 63413507
|c 20040106
|g PSBO
|
| 942 |
|
|
|c BK
|